|
|
|
|
| LEADER |
02047nam a2200517 a 4500 |
| 001 |
nkc20112258516 |
| 003 |
CZ PrNK |
| 005 |
20120127143346.0 |
| 007 |
ta |
| 008 |
111206s2011 xr a e p 000 0 cze |
| 015 |
|
|
|a cnb002258516
|
| 020 |
|
|
|a 978-80-244-2880-2
|q (brož.) :
|c neprodejné
|
| 035 |
|
|
|a (OCoLC)776511686
|
| 040 |
|
|
|a ABA001
|b cze
|
| 072 |
|
7 |
|a 376
|x Výchova a vzdělávání zvláštních skupin osob
|2 Konspekt
|9 22
|
| 072 |
|
7 |
|a 37.016
|x Učební osnovy. Vyučovací předměty. Učebnice
|2 Konspekt
|9 22
|
| 080 |
|
|
|a 316.344.6-056.26/.3
|2 MRF
|
| 080 |
|
|
|a 37.013.83
|2 MRF
|
| 080 |
|
|
|a 376
|2 MRF
|
| 080 |
|
|
|a (075.8)
|2 MRF
|
| 100 |
1 |
|
|a Krejčířová, Olga,
|d 1949-
|7 ola2002142285
|4 aut
|
| 245 |
1 |
0 |
|a Teorie a praxe speciálněpedagogické andragogiky /
|c Olga Krejčířová, Eliška Vymazalová, Jaroslav Hublar
|
| 250 |
|
|
|a 1. vyd.
|
| 260 |
|
|
|a Olomouc :
|b Univerzita Palackého v Olomouci,
|c 2011
|
| 300 |
|
|
|a 71 s. :
|b il. ;
|c 21 cm
|
| 490 |
1 |
|
|a Ostatní
|
| 500 |
|
|
|a Nad názvem: Univerzita Palackého v Olomouci, Fakulta tělesné kultury
|
| 504 |
|
|
|a Obsahuje bibliografii a bibliografické odkazy
|
| 521 |
8 |
|
|a Určeno pro cílovou skupinu projektu ESF
|
| 650 |
0 |
7 |
|a osoby se zdravotním postižením
|7 ph127575
|2 czenas
|
| 650 |
0 |
7 |
|a andragogika
|7 ph114043
|2 czenas
|
| 650 |
0 |
7 |
|a speciální pedagogika
|7 ph116230
|2 czenas
|
| 650 |
0 |
9 |
|a people with disabilities
|2 eczenas
|
| 650 |
0 |
9 |
|a andragogy
|2 eczenas
|
| 650 |
0 |
9 |
|a special education
|2 eczenas
|
| 655 |
|
7 |
|a učebnice vysokých škol
|7 fd133772
|2 czenas
|
| 655 |
|
9 |
|a textbooks (higher)
|2 eczenas
|
| 700 |
1 |
|
|a Vymazalová, Eliška
|7 xx0132130
|4 aut
|
| 700 |
1 |
|
|a Hublar, Jaroslav
|7 hka2011675869
|4 aut
|
| 710 |
2 |
|
|a Univerzita Palackého.
|b Fakulta tělesné kultury
|7 kn20010709371
|
| 810 |
2 |
|
|a Univerzita Palackého.
|t Ostatní publikace
|0 s
|
| 910 |
2 |
|
|a BOA001
|b 2-1277.151
|
| 990 |
|
|
|a BK
|
| 995 |
|
|
|a 01
|
| 991 |
|
|
|b 201112
|e n
|g g
|
| 996 |
6 |
|
|b 2610496362
|c 2-1277.151
|l MZK
|r Sklad / do 1 hodiny
|n 11
|p p.v.
|w 001219141
|u 000010
|a 1
|e BOA001
|j MZK50
|s P
|